000 00370pam a2200157a 44500
008 230515b2017 xxu||||| |||| 00| 0 eng d
020 _aNULL
041 _aENGLISH
082 _a617.6/JOS
100 _aJOSEPH JOHN
245 _aTEXT BOOK OF PREVENTIVE & COMMUNITY DENTISTRY
250 _a3RD
260 _aMUMBAI
_bCBS PUB
_c2017
300 _a442
650 _aNULL
999 _c564784
_d564784